| 000 | 00447nam a2200157 i 4500 | ||
|---|---|---|---|
| 001 | 20854 | ||
| 003 | ES-MaACL | ||
| 005 | 20230906152357.0 | ||
| 007 | t| | ||
| 008 | 021119s1942 sp ||||1| spa d | ||
| 100 | 1 |
_aAlamo, Juan del. _919110 |
|
| 245 | 1 | 0 |
_aGibraltar ante la Historia de España / _cpor Juan del Alamo. |
| 260 |
_aMadrid : _bGarcía Enciso, _c1942. |
||
| 300 |
_a285 p., 31 lám. ; _c22 cm. |
||
| 852 |
_aES-MaACL _jC-4250 _bR.24023 |
||
| 999 |
_c20854 _d20854 |
||